000 00793 a2200193 4500
003 Nust
005 20230119115409.0
020 _a818501969X
040 _cNust
082 _a355.33041,CHI
100 _aChibber, Lt Gen Dr M L
_9107067
245 _aHow to Bea Successful Leader /
_cLt Gen Dr M L Chibber
260 _aPakistan
_bArmy Edu Press
_c1998
300 _axix,195,p.;
505 _aFoundation of Military Leadership and its Basic Structure (Page-1), Knowledge the Source of Knowing What to Do (Page-9), The Art of Handling man The Instrument which Executes All Actions (Page-21), Courage Will Power and Initiative the Source of Strength to Get Things Done (Page-33).
600 _aM L Chibber
_9107068
650 _aSuccessful Leader
_9107069
942 _2ddc
_cBK
_k355.33041,CHI
999 _c185713
_d185713